| 000 | 00566nam a2200193Ia 4500 | ||
|---|---|---|---|
| 005 | 20250423095640.0 | ||
| 008 | 250422s9999 xx 000 0 und d | ||
| 020 | _a0- 7641- 0186- 2 | ||
| 050 | _aQA 309 .H585/ | ||
| 100 | _aShirley O. Hockett | ||
| 245 | 0 | _aHow to prepare for the advanced placement examination, calculus: review of calculus AB and calculus BC | |
| 250 | _a6th ed. | ||
| 260 | _aNew York | ||
| 260 | _bBarron's Educational Series | ||
| 260 | _c1998 | ||
| 300 | _a600 p | ||
| 650 | _aCalculus- examinations, questions, etc. | ||
| 942 | _cBK | ||
| 999 |
_c30909 _d30909 |
||